Регионална библиотека "Любен Каравелов" - Русе

26-етажната къща на дърво (Запис номер 328144)

MARC детайли
000 -Лидер
Контролно поле с фиксирана дължина 00897nam a2200253 4500
003 - Код на организацията, давaща контролен номер
Контролно поле BLK
005 - Дата и час на последна редакция
Контролно поле 20250329131328.0
008 - Елементи от данни с фиксирана дължина
fixed length control field 181219b bu ||||| |||| 00| 0 bu d
020 ## - Международен стандартен номер на книга ISBN
Международен стандартен номер на книга ISBN 978-954-527-620-0
040 ## - Източник на каталожния запис
Идентификатор на билиотеката - собственик на записа BLK
041 ## - Код за език
Код за езика на текст/звукозапис или на отделно заглавие Български
Код за езика КДБФ Български
080 ## - УДК
Текстов определител УДК Австралийска литература
УДК код - определител по УДК 821.111(94)
УДК - код + определител 821.111(94)-93-94
100 ## - Редна дума - Автор
Автор Грифитс, Анди
Авторска отговорност първи автор
R(LIN) 1299
139 ## - Редно поле
Редна дума Грифитс, Анди
Авторски знак Грин - Г 84
245 ## - Сведения за заглавието
Заглавие 26-етажната къща на дърво
Редно поле (дума) Анди Грифитс; ил. Тери Дентън
260 ## - Област на издателските данни
9 (RLIN) 209515
Място на издаване, разпространение и проч. София
Име на издателя, разпространителя и проч. Дамян Яков
Година на издаване 2018
300 ## - Физическа характеристика
Страници 348 с.
Размери/Мащаб 21 см
380 ## - Жанр
Жанр Детска худож. лит.
700 ## - Други автори (авторска отговорност)
Лично име Комогорова - Комата, Светлана
9 (RLIN) 260885
852 ## - Местоположение
Фондова буква Детски отдел
Систематично-азбучна сигнатура ДХ 820/899/Г 84
999 ## - СИСТЕМНИ КОНТРОЛНИ НОМЕРА
Koha biblionumber 328144
Koha biblioitemnumber 328144
942 ## - АРТИКУЛИ
Скрит в OPAC Не
Вид на библиотечния материал Книги
Koha issues (borrowed), all copies 36
999 ## - СИСТЕМНИ КОНТРОЛНИ НОМЕРА
Koha biblioitemnumber 328143
944 ## - СЪЗДАВАНЕ И РЕДАКЦИЯ на ЗАПИСА
Служител, извършил регистрацията/редакцията 30542
Статус, дата на статуса Русанова Ирена
Наличности
Код за отписване Код за изгубен артикул Източник на класификационната схема Код за повреда Коз за рестрикции Код за отдаване Артикулен № Име на библиотеката - собственик Име на библиотеката, в която се намира в момента Статус (Текущо местоположение) Дата на вписване в системата Местоположение - отдел Цена в лева Систематично азбучна сигнатура Баркод Цена в евро Служебен тип на артикула
  Не е изгубен Universal Decimal Classification Не е повреден без рестрикции заемане за дома 687886 Регионална библиотека "Любен Каравелов" Русе Регионална библиотека "Любен Каравелов" Русе Детски отдел 2019-01-02 Детски отдел 15.60 ДХ 820/899/Г 84 120000828646 7.98 Книги
  Не е изгубен Universal Decimal Classification Не е повреден само за читалня ползва се в читалня 870509 Регионална библиотека "Любен Каравелов" Русе Регионална библиотека "Любен Каравелов" Русе Хранилище 2022-02-10 Хранилище 15.60 Цб 310573 120000864951 7.98 Книги
Vip Innovations Ltd, Rousse, Bulgaria 2025